| 000 | 00942cam a22002531 4500 | ||
|---|---|---|---|
| 001 | f 13000072 | ||
| 003 | DLC | ||
| 005 | 20260227111248.0 | ||
| 008 | 790523s1913 dcubf f000 0 eng c | ||
| 010 | _af 13000072 | ||
| 035 | _a(OCoLC)4995768 | ||
| 040 |
_aU.S. Bur. of Fisheries _cNhD _dDLC |
||
| 042 | _apremarc | ||
| 050 | 0 | 0 |
_aSH365.M7 _bM7 |
| 100 | 1 |
_aMoore, Henry Frank, _d1867- |
|
| 245 | 1 | 0 |
_aCondition and extent of the natural oyster beds and barren bottoms of Mississippi east of Biloxi. _cBy H. F. Moore ... |
| 260 |
_aWashington, _bGovt. print. off., _c1913. |
||
| 300 |
_a1 p. l., 41 p. _bVI pl., fold. map. _c23 cm. |
||
| 490 | 0 | _aU. S. Bureau of fisheries. Doc. 774 | |
| 500 | _aAt head of title: Department of commerce and labor... | ||
| 530 | _aAlso available in digital form on the Internet Archive Web site. | ||
| 650 | 0 |
_aOyster culture _zMississippi. |
|
| 856 | 4 | 1 | _uhttp://hdl.loc.gov/loc.gdc/scd0001.00029114560 |
| 999 |
_c23207 _d23207 |
||